00427nam a2200169Ia 4500003000400000005001700004008004100021020001500062050002600077100002300103245004700126260003500173300002800208440000600236521000700242526000800249OSt20140317075740.0140130s9999 xx 000 0 und d a0590623524 aPZ 7b.Os81167Di 1995 aOsborne, Mary Pope cMary Pope OsborneaDinosaurs before Dark / bScholastic,c1995.aNew York : a68 p. :bill. ;c20 cm. v1 aG1 c240